Kho tàng ca dao người Việt, tập 4

Zapisane w:
Opis bibliograficzny
Format: Książka
Wydane: 1994
Etykiety: Dodaj etykietę
Nie ma etykietki, Dołącz pierwszą etykiete!
Thư viện lưu trữ: Mạng thư viện Đại học Đà Nẵng
LEADER 00456nam a22001811a 4500
001 000038887
003 15182
005 20160412021851.0
008 160412s1994 000
082 |a 4V(TK)168 
245 |a Kho tàng ca dao người Việt, tập 4  |c Nguyễn Xuân Kính 
260 |c 1994 
OWN |a LNN 
999 |a From the UDN01 
TYP |a Monograph 
980 |a Mạng thư viện Đại học Đà Nẵng